000 00724nam a2200241Ia 4500
003 GCL
008 140319s9999 xx 000 0 ara d
040 _aGCL /
_cGCL
082 0 4 _aق
_b962.32
_bهـ ا
100 1 _aهيئة الاثار المصرية
245 1 0 _aانجازات ترميم اثار الاقصر /
_cهيئة الاثار المصرية
260 _a[S.N] :
_bهيئة الاثار المصرية
490 _a
650 0 4 _aمصر
650 0 4 _aالمقابر
650 0 4 _aالاثار الفرعونية
650 0 4 _aالفن المصرى القديم
650 0 4 _aالاثار
650 0 4 _aتاريخ قديم
650 0 4 _aالاقصر
650 0 4 _aترميم
942 _2ddc
_cBK
999 _c57829
_d57829